MDQL
is popping MORE tags! Check the
thread
!
Quizzes
Events
Quiz Creation
Community
Videos
Private Events
Remove Ads
Sign In
Join for FREE
Feedback
Dark Mode
Quiz Categories
Sports
Geography
Music
Movies
Television
Just For Fun
Miscellaneous
History
Literature
Language
Science
Gaming
Entertainment
Religion
Holiday
For Kids
Quiz Lab
Recent
Popular Today
Quiz Kudos Today
Editor Picks
Curator Picks
Quizzes by...
Day
Popularity
Type
Ratings
Length
Year
Community
Subscriptions
Recent Discussions
Orange Saloon
Badges
Playlists
Quests
Create
Leaderboards
Showdown
Live 5
Trivia Bingo
Activity
Puzzle Library
Sporcle Events
Private Events
Virtual Trivia
Globe League
Become a Host
Pub Owners
SporcleCon
Opinionation
Our Games
Videos
Blog
Mobile Apps
Partnerships
Remove Ads and Go Orange
Feedback
Sports
Athletes
MLB
NBA
NHL
NFL
Soccer
Sports Teams
WWE
NCAA
Football
Premier League
Basketball
Baseball
Hockey
Golf
Tennis
Cricket
Rugby
Auto Racing
Olympics
World Cup
Sports
Athletes
MLB
NBA
NHL
NFL
Soccer
Sports Teams
WWE
NCAA
Football
Premier League
Basketball
Baseball
Hockey
Golf
Tennis
Cricket
Rugby
Auto Racing
Olympics
World Cup
Random Quiz
Search Sporcle
×
Quiz Lab
Quiz Lab
Sports
NBA
Type in answers that appear in a list
Type in answers that appear in a list
Classic
Best Score? Go Orange.
Lakers Alltime leaders Stats
Can you name the Lakers All time leaders?
By
Tarabas
6m
65 Questions
5,607 Plays
5,607 Plays
5,607 Plays
Comments
Comments
Give Quiz Kudos
Give Quiz Kudos
-
- Ratings
hide this ad
More Info
Replay
Link that replays current quiz
Next Quiz
Link to next quiz in quiz playlist
You Got
0%
They Got
Avg Score
66%
Avg Friend Score
Upgrade to see
Score Distribution
Jump to the score distribution portion of the page
Score
0/65
Timer
06:00
1
Play Today
Category
Name
% Correct
Assists
Kobe Bryant
99.6%
Games
Kobe Bryant
99.5%
Points
Kobe Bryant
99.3%
Rebounds
Kobe Bryant
98.9%
Steals
Kobe Bryant
98.9%
TOs
Kobe Bryant
98.9%
Fouls
Kobe Bryant
98.4%
PER
Kobe Bryant
98.1%
PER
Kareem Abdul-Jabbar
96.7%
Games
Kareem Abdul-Jabbar
96.1%
Steals
Magic Johnson
96%
TOs
Magic Johnson
96%
Points
Kareem Abdul-Jabbar
95.9%
Rebounds
Kareem Abdul-Jabbar
95.9%
Blocks
Kareem Abdul-Jabbar
95.9%
TOs
Kareem Abdul-Jabbar
95.9%
True Shooting %
Kareem Abdul-Jabbar
95.7%
PER
Magic Johnson
95.5%
True Shooting %
Magic Johnson
95.5%
Points
Magic Johnson
95.4%
Assists
Magic Johnson
95.4%
Blocks
Shaquille O'Neal
94.2%
FG %
Shaquille O'Neal
94.2%
PER
Shaquille O'Neal
94%
Rebounds
Magic Johnson
93.4%
Points
Jerry West
91.4%
Games
Jerry West
91.1%
Assists
Jerry West
91.1%
Fouls
Jerry West
91.1%
FG %
Kareem Abdul-Jabbar
91%
Fouls
Kareem Abdul-Jabbar
87.8%
Games
James Worthy
81.2%
Steals
James Worthy
81.1%
Category
Name
% Correct
TOs
James Worthy
81.1%
Rebounds
Wilt Chamberlain
80.9%
Fouls
Elgin Baylor
79.9%
Games
Derek Fisher
78.8%
FG %
Wilt Chamberlain
78.8%
Rebounds
Elgin Baylor
78.7%
Points
Elgin Baylor
78.7%
True Shooting %
Wilt Chamberlain
77.1%
FG %
Andrew Bynum
54.3%
Blocks
Andrew Bynum
54%
PER
George Mikan
53.1%
Steals
Byron Scott
50.3%
True Shooting %
Andrew Bynum
49.8%
Assists
Michael Cooper
46%
Steals
Michael Cooper
46%
3P%
Steve Nash
42.1%
Blocks
Vlade Divac
36%
FG %
Kurt Rambis
34.4%
Assists
Norm Nixon
26.5%
TOs
Norm Nixon
26.5%
3P%
Nick Young
23.9%
FT%
Glen Rice
21.3%
Fouls
Vern Mikkelsen
19.9%
Blocks
Elden Campbell
18.8%
FT%
Cazzie Russell
14.4%
FT%
Sasha Vujacic
12.5%
FT%
Jodie Meeks
7.5%
3P%
Mike Penberthy
6.5%
3P%
Vladimir Radmanovic
5.8%
True Shooting %
Adrian Dantley
4%
3P%
Kendall Marshall
3.7%
FT%
Caron Butler
2.9%
Quiz Playlist
Details
Report
Send in Message
Add To Playlist
More Info:
Includes players who played at least 50 games with the Lakers. * indicates an NBA active player Updated at Deceember 19, 2014
Classic:
Type in answers that appear in a list
Quiz Source
Last Updated: Sep 2, 2017
Quiz Scoreboard
CHALLENGE
Sign Up to Join the Scoreboard
Show All
Scores
Hide
Comments
May contain spoilers
Recently Published
1-10 Letter E Words III
by El_Dandy
Language
2m
Street Fighter Characters
by Artimus82
Gaming
60s
College Basketball Coaching Resumes
by pancakes188
Sports
9m
More to Explore
Quiz From the Vault
Featured Blog Post
Where Did the Easter Bunny Come From?
hide this ad
You Might Also Like...
Tags
Basketball Quiz
NBA Quiz
basket
Category
Los Angeles Lakers
Today's Top Quizzes in Sports
Browse Sports
hide this ad
Today's Top Quizzes in NBA
Browse NBA
Top Contributed Quizzes in Sports
1
2022 World Cup Stars
2
Les meilleurs buteurs des matchs entre le PSG et l’OM
3
FIFA Club World Cup Champions
4
Les entraîneurs de l'OM et du PSG au 21e siècle
5
Criteria MLB: Left Handed Sluggers
6
2023 MLB Unique Player Accomplishments
7
AFC Teams Reveal (Wrong Answers Minefield)
8
Players with Multiple 50 Home Run Seasons
9
5-to-1: FBS Animal Nicknames
10
5-to-1: UK Sports Teams
Explore More
Trending Topics
Kpop
Marvel
NBA
Disney
Anime
Crossword
Harry Potter
Soccer
Puzzle
Country
Song
NFL
Pokémon
The Office
WWE
hide this ad
More By:
Tarabas
Quiz
Plays
Rating
Category
Featured
Created
Lakers Alltime leaders
5,607
3.83
Sports
Dec 3, 2009
Italian cities by monuments
434
2.00
Geography
Dec 2, 2009
Humphrey Bogart's movies
198
2.00
Movies
Dec 15, 2009
Go to Creator's Profile
Score Distribution
Quiz Creator Spotlight
Tarabas
Follow
Send a Message
Quizzes Created
-
Created Quiz Play Count
-
More By This Creator
Popular Quizzes Today
1
Find the US States - No Outlines Minefield
2
Find the Countries of Europe - No Outlines Minefield
3
The Countries of the World
4
Find the US States
5
Risky Map Clicking: Biggest States A-Z
6
US States
7
Popular People in 1961
8
Movies - When Are They Set?
More Sports Quizzes
NBA Draft Lottery from Last Decade
Quiz Lab
Trending Quizzes
Risky Map Clicking: Least Populous States A-Z
Billboard Blitz: Aretha Franklin
Famous Russians: Author or Composer?
Countries of the World: 200 Million BC
1-10 Letter G Words
Recently Updated
Leaping Animals
pecheneg
Reality TV Shows (A-Z)
bhenderson79
Rickey Henderson's Hall of Fame Teammates
pecheneg
Champions League XIs: Arsenal
pecheneg
Quick Pick: Celebrities in WWE's Hall of Fame
aduchscher
A-Z Keypad Blitz II
pecheneg
Multiple Oscar Actors
pecheneg
Mystery Phrase Blitz: Oscar 'Best Actors'
pecheneg
F. Scott Fitzgerald Novels
LTH
Pick 3 Villains
ddd62291
Trending Topics
Disney
Harry Potter
NBA
Anime
Marvel
Crossword
Kpop
WWE
NFL
The Office
Pokémon
Country
Soccer
Song
Puzzle
Your Account Isn't Verified!
In order to create a playlist on Sporcle, you need to verify the email address you used during registration. Go to your
Sporcle Settings
to finish the process.
Report this User
Report this user for behavior that violates our
Community Guidelines
.
Details:
Send Report
Go to the Sporcle.com Mobile Site →
Comments